|
|
|
|
| LEADER |
01168nam a2200277 a 4500 |
| 001 |
24214 |
| 003 |
BD-DhAAL |
| 008 |
120111r20082011caua b 001 0 eng d |
| 020 |
|
|
|a 9780596516130
|
| 020 |
|
|
|a 9788184045970
|
| 040 |
|
|
|a BD-DhAAL
|c BD-DhAAL
|
| 082 |
0 |
4 |
|a 006.37
|2 22
|
| 100 |
1 |
|
|a Bradski, Gary R.
|9 57532
|
| 245 |
1 |
0 |
|a Learning OpenCV :
|b computer vision with the OpenCV library /
|c Gary R Bradski, Adrian Kaehler.
|
| 250 |
|
|
|a First edition.
|
| 260 |
|
|
|a Sebastopol, CA :
|b O'Reilly ;
|a New Delhi :
|b Shroff Publishers and Distributors,
|c c2008 [third Indian reprinted 2011].
|
| 300 |
|
|
|a xvii, 555 pages :
|b illustrations ;
|c 24 cm
|
| 500 |
|
|
|a "Computer vision with the OpenCV Library"-- cover.
|
| 504 |
|
|
|a Includes bibligraphical references (pages 527- 541)and index
|
| 541 |
1 |
|
|e 00024214
|
| 650 |
|
0 |
|a Computer vision.
|
| 700 |
1 |
|
|a Kaehler, Adrian.
|9 57533
|
| 852 |
1 |
|
|a Ayesha Abed Library
|c General Stacks
|
| 942 |
|
|
|2 ddc
|c BK
|
| 999 |
|
|
|c 11764
|d 11764
|
| 952 |
|
|
|0 0
|1 0
|4 0
|6 006_370000000000000_BRA
|7 0
|9 19159
|a BRACUL
|b BRACUL
|c GEN
|d 2012-01-15
|e Karim International
|g 860.00
|l 32
|m 225
|o 006.37 BRA
|p 3010024214
|q 2026-02-03
|r 2025-02-09
|s 2025-02-09
|t 1
|w 2012-01-15
|y BK
|